000 00985nas a2200289 4500
001 BR2014003878
003 BR-BrBNA
005 20231205124142.0
007 ta
008 230509b bl.|||p| |||| 00| 00por d
040 _aBR-BrBNA
_bpor
_cBiblioteca Nacional de Agricultura
041 _a(Pt)
072 _aP34
100 1 _aXavier, F.A. da S.
100 1 _aMaia, S.M.F.
100 1 _aOliveira, T.S. de
100 1 _aMendonça, E. de S.
245 1 _aBiomassa microbiana e matéria orgânica leve em solos sob sistemas agrícolas orgânico e convencional na Chapada da Ibiapaba - CE
650 _aMICROBIOLOGIA DO SOLO
650 _aMATÉRIA ORGÂNICA
650 _aPASTAGEM
650 _aADUBO VERDE
773 0 _tRevista Brasileira de Ciência do Solo (Brazil)
_xISSN 0100-0683
_g(Mar-Apr 2006), v. 30(2) p. 247-258
_wBR2014003878
856 4 0 _uhttp://www.scielo.br/pdf/rbcs/v30n2/a06v30n2.pdf
909 _a202311
_bLúcia
_c55
_dLúcia Elande
942 _2AGRIS
_n0
_cANA
999 _c237561
_d237561